Encofrados para estructuras de hormigón
Tallennettuna:
| Päätekijä: | |
|---|---|
| Aineistotyyppi: | Kirja |
| Kieli: | espanja |
| Julkaistu: |
Madrid
Del Castillo
1967
|
| Aiheet: | |
| Tagit: |
Lisää tagi
Ei tageja, Lisää ensimmäinen tagi!
|
MARC
| LEADER | 00000nam a2200000 a 4500 | ||
|---|---|---|---|
| 001 | UCU6292 | ||
| 003 | CL-VaPUC | ||
| 008 | 960614e19670000SP |||||||||||||||||spa|d | ||
| 082 | 0 | 4 | |a 624.183 |b PEU |2 21 |
| 100 | 0 | |a Peurifoy, R. L |e author |9 364489 | |
| 245 | 1 | 0 | |a Encofrados para estructuras de hormigón |
| 300 | |a 344 p | ||
| 942 | |c BK | ||
| 945 | |d 19960614 00:00:00 |a paguirre | ||
| 260 | |a Madrid |b Del Castillo |c 1967 | ||
| 650 | 0 | |a Hormigones |9 262546 | |
| 650 | 0 | |a Estructuras |9 271908 | |
| 650 | 0 | |a Elementos estructurales |9 350100 | |
| 650 | 7 | |a CIMIENTOS |2 CL-VaPUC |9 260635 | |
| 650 | 7 | |a PILOTES |2 CL-VaPUC |9 363915 | |
| 583 | |a last modification |c 19960614 00:00:00 |k Rodrigo Vera | ||
| 999 | |c 249290 |d 249288 | ||
| 952 | |0 0 |1 0 |4 0 |6 624_183000000000000_PEU_1967 |7 0 |8 A |9 266475 |a BIBING |b BIBING |d 2019-11-19 |i 1697994 |o 624.183 PEU 1967 |p 1697994 |r 2025-01-20 |w 2019-11-19 |y BK |k CCL | ||